Islands A-Z - Statistics

General Stats
  • This quiz has been taken 23 times
  • The average score is 18 of 26
Answer Stats
Hint Island % Correct
A) Infamous prison in the middleof San Francisco Bay Alcatraz
100%
C) Island nation in the Mediterraneansplit by Greek and Turkish influences Cyprus
100%
G) UK crown dependency, the 2nd largest of the Channel islands Guernsey
100%
D) Roseau is the capital of this Caribbean nation Dominica
96%
F) Autonomous Danish island chainto the north of Scotland Faroe
96%
I) The Emerald Isle Ireland
96%
J) Largest of the UK Channel Islands Jersey
96%
Q) The most populous borough of NYC Queens
96%
K) Pacific island nation that encompasses3 time zones Kiribati
91%
T) This Oceania country is often named least visited on Earth Tuvalu
91%
V) South Pacific island nation, its capitalis Port Vila Vanuatu
91%
E) Napoleon was banished to this island in 1814 Elba
87%
H) Encompasses Haiti and the DominicanRepublic Hispaniola
87%
Z) Popular Tanzanian resort island Zanzibar
87%
S) Tropical island nation off the coast ofeastern Africa Seychelles
78%
N) "there once was a man from...." thisformer whaling island Nantucket
70%
R) French oversees island in the IndianOcean. Its capital is Saint Denis Reunion
70%
P) Remote UK territory in the S Pacificwhere a mutiny happened in 1789 Pitcairn
65%
M) Popular resort island in the Cycladesgroup of Greece Mykonos
57%
B) Popular resort island in FrenchPolynesia Bora Bora
48%
X) This major Chinese city sits on an islandof the same name near the Taiwan Strait Xiamen
30%
L) Volcanic island in the Canary chainof Spain La Palma
22%
O) Popular vacation island in the OuterBanks region of North Carolina Ocracoke
13%
W) French territory in the South Pacificbetween Fiji and Tuvalu Wallis and Futuna
13%
Y) 2nd largest island in the Shetland chainof North Scotland Yell
9%
U) Samoan island formed by a large shieldvolcano Upolu
0%
No matching quizzes found
Score Distribution
Percent of People with Each Score
Percentile by Number Answered
Your Score History
You have not taken this quiz